| 000 | 00307nam a22001097a 4500 | ||
|---|---|---|---|
| 082 |
_a621.56 _bSEV _cL-8, P-19 |
||
| 100 |
_aSeverns _941893 |
||
| 245 |
_aAir Conditioning and refrigeration _cSeverns |
||
| 260 |
_aLondon _bJhon Wiley & Sons, Inc |
||
| 526 |
_a0 _b0 _c0 _d621_560000000000000_SEV |
||
| 942 |
_2ddc _cBK |
||
| 999 |
_c545913 _d545913 |
||